Zara Larsson - Une lettre, une chanson - Statistiques

Statistiques générales
  • Ce quiz a été pris 31 fois
    30 depuis la dernière actualisation
  • Le résultat moyen est 12 sur 21
Statistiques - réponses
Lettres Chansons % Correct
M Make That Money Girl / Memory Lane / Midnight Sun / More Than This Was / Morning
92%
L Last Summer / Light a Candle / Like It Is / Look What You've Done / Love Again / Love Me Land / Lush Life
83%
N Need Someone / Never Forget You / Never Gonna Die / None of These Guys / Nothing
75%
S Sankta Lucia / Saturns Return / Secret / She's Not Me (Pt. 1) / She's Not Me (Pt. 2) / Silent Night / Skippin a Beat / So Good / Soundtrack / Stick with You / Still in My Blood / Sundown / Symphony
75%
U Uncover / Under My Shades
75%
A Ain't My Fault / All the Time / The Ambition / Ammunition
67%
C Can't Hold Back / Can't Tame Her / Carry You Home / Cash Me Out / Crush
67%
P Poster Girl / Pretty Ugly / Puss Puss
67%
R Right Here / Rooftop / Ruin My Life
63%
T Talk About Love / Tänd ett ljus / TG4M / This One's for You
63%
B Bad Boys / Blue Moon
58%
W Wanna Be Your Baby / Weak Heart / What Happens Here / What They Say / When I'm Not Around / When Worlds Collide / Winter Song / Wow
54%
E Endless / End of Time / Escape / Eurosummer
50%
G Girl's Girl
50%
O One Mississippi / Only You / On My Love
50%
V Venus
50%
H The Healing / Hot & Sexy
46%
I I Can't Fall in Love Without You / If I Was Your Girl / I Need Love / In Love With Myself / Invisible / It's a Wrap / I Would Like
42%
F Famous / FFF / Funeral
29%
D DarkSide / Don't Let Me Be Yours / Don't Worry Bout Me
25%
Y You Love Who You Love
21%
Aucun quiz correspondant
Distribution des résultats
% des personnes avec chaque résultat
Percentile par nombre de réponses
Votre historique - résultats
Vous n’avez pas pris ce quiz depuis la dernière actualisation